The Space Race by Nationality - Statistics

General Stats
  • This quiz has been taken 15 times
  • The average score is 14 of 23
Answer Stats
Date Astronaut Country % Correct
April 12, 1961 Yuri Gagarin Russia
100%
May 5, 1961 Alan Shepard United States
100%
October 5, 1984 Marc Garneau Canada
93%
June 24, 1982 Jean-Loup Chrétien France
93%
November 26, 1985 Rodolfo Neri Vela Mexico
93%
August 26, 1978 Sigmund Jähn Germany
86%
June 27, 1978 Mirosław Hermaszewski Poland
86%
October 5, 1984 Paul Scully-Power Australia
79%
May 14, 1981 Dumitru Prunariu Romania
79%
April 3, 1984 Rakesh Sharma India
71%
August 12, 1962 Pavel Popovich Ukraine
71%
April 10, 1979 Georgi Ivanov Bulgaria
64%
July 23, 1980 Phạm Tuân Vietnam
64%
December 18, 1973 Pyotr Klimuk Belarus
50%
May 26, 1980 Bertalan Farkas Hungary
50%
September 18, 1980 Arnaldo Tamayo Méndez Cuba
43%
March 2, 1978 Vladimír Remek Czech Republic
43%
October 30, 1985 Wubbo Ockels Netherlands
43%
June 17, 1985 Sultan al-Saud Saudi Arabia
36%
March 22, 1981 Jügderdemidiin Gürragchaa Mongolia
29%
August 29, 1988 Abdul Ahad Momand Afghanistan
14%
January 12, 1986 Franklin Chang-Diaz Panama
14%
July 22, 1987 Muhammed Faris Syria
14%
No matching quizzes found
Score Distribution
Percent of People with Each Score
Percentile by Number Answered
Your Score History
You have not taken this quiz